[Event "SC-Championship 2018 - FINAL"]
[Site "SchemingMind.com"]
[Date "2018.08.04"]
[Round "-"]
[White "Juan Jose Rivas Maceda"]
[Black "chesshub"]
[Result "1/2-1/2"]
[WhiteCountry "PER"]
[BlackCountry "FRA"]
[WhiteElo "2581"]
[WhiteRD "94"]
[BlackElo "2575"]
[BlackRD "78"]
[GameID "430855"]

1. e4 c5 2. Nf3 d6 3. d4 cxd4 4. Nxd4 Nf6 5. Nc3 a6 6. Be3 e5 7. Nb3 Be6 8. f3 Be7 9. Qd2 O-O 10. O-O-O b5
11. g4 Nbd7 12. g5 Nh5 13. Nd5 Bxd5 14. exd5 f5 15. gxf6 Rxf6 16. Na5 Qf8 17. Nc6 Nf4 18. a4 bxa4 19. Qb4 Rf7 20. h4 a5
21. Qxa4 Bd8 22. Kb1 Bb6 23. Bc1 Kh8 24. h5 h6 25. Rh2 Bg1 26. Rh1=
1/2-1/2

[Event "SC-Championship 2018 - FINAL"]
[Site "SchemingMind.com"]
[Date "2018.08.04"]
[Round "-"]
[White "chesshub"]
[Black "Juan Jose Rivas Maceda"]
[Result "1/2-1/2"]
[WhiteCountry "FRA"]
[BlackCountry "PER"]
[WhiteElo "2602"]
[WhiteRD "81"]
[BlackElo "2556"]
[BlackRD "95"]
[GameID "430856"]

1. e4 e5 2. Nf3 Nc6 3. Bb5 a6 4. Ba4 Nf6 5. O-O Be7 6. Re1 b5 7. Bb3 O-O 8. c3 d5 9. exd5 Nxd5 10. Nxe5 Nxe5
11. Rxe5 c6 12. d4 Bd6 13. Re1 Qh4 14. g3 Qh3 15. Qe2 Bg4 16. Qf1 Qh5 17. Be3 Rae8 18. Nd2 Re6 19. f3 Rxe3 20. fxg4 Qxg4
21. Rxe3 Nxe3 22. Qf2 Nd5 23. Qf3 Qxf3 24. Nxf3 Rb8 25. Re1 Kf8 26. Ne5 Bxe5 27. Rxe5 Nf6 28. Kf1 g6=
1/2-1/2

[Event "SC-Championship 2018 - FINAL"]
[Site "SchemingMind.com"]
[Date "2018.08.01"]
[Round "-"]
[White "Juan Jose Rivas Maceda"]
[Black "Jari Laine"]
[Result "1/2-1/2"]
[WhiteCountry "PER"]
[BlackCountry "FIN"]
[WhiteElo "2574"]
[WhiteRD "87"]
[BlackElo "2506"]
[BlackRD "72"]
[GameID "430857"]

1. e4 e5 2. Nf3 Nc6 3. Bb5 a6 4. Ba4 Nf6 5. O-O b5 6. Bb3 Bb7 7. d3 Bc5 8. a4 O-O 9. axb5 axb5 10. Rxa8 Bxa8
11. Nc3 b4 12. Nd5 Nxd5 13. Bxd5 d6 14. Bg5 Qd7 15. Qa1 Qe8 16. Bc4 Bb6 17. Bd2 Na5 18. Ba2 Nc6 19. h3 h6 20. Bd5 Nd4
21. Nxd4 Bxd5 22. Nf5 Be6 23. Qd1 Kh7 24. Qh5 Bxf5 25. exf5 Bc5 26. Ra1 Qe7 27. Qg4 Rb8 28. Ra6 b3 29. c3 Qd7 30. Qf3 Bb6
31. Ra3 d5 32. f6 g6 33. Qg4 Qf5 34. Qxf5 gxf5 35. Kf1 Kg6 36. Rxb3 h5 37. Ke2 Rg8 38. Rb4 f4 39. d4 exd4 40. Bxf4 Kxf6
41. Kf3 dxc3 42. bxc3 Ra8 43. Be3 Bxe3 44. fxe3 Ra3 45. Rf4+ Ke6 46. c4 c6 47. cxd5+ cxd5 48. Rh4 f5 49. Rxh5 d4 50. Kf4 Rxe3
51. Rh8 Re4+ 52. Kf3 Re3+=
1/2-1/2

[Event "SC-Championship 2018 - FINAL"]
[Site "SchemingMind.com"]
[Date "2018.08.01"]
[Round "-"]
[White "Jari Laine"]
[Black "Juan Jose Rivas Maceda"]
[Result "1/2-1/2"]
[WhiteCountry "FIN"]
[BlackCountry "PER"]
[WhiteElo "2506"]
[WhiteRD "72"]
[BlackElo "2574"]
[BlackRD "87"]
[GameID "430858"]

1. Nf3 d5 2. g3 Nf6 3. Bg2 c6 4. O-O Bf5 5. d3 e6 6. Nbd2 h6 7. Qe1 Be7 8. e4 dxe4 9. dxe4 Bh7 10. Qe2 Nbd7
11. b3 O-O 12. Bb2 Qc7 13. e5 Nd5 14. Ne4 Rfd8 15. Rfd1 b5 16. Rac1 a5 17. c4 bxc4 18. Rxc4 c5 19. Nd6 Nxe5 20. Nb5 Nxf3+
21. Bxf3 Qb6 22. Ra4 Bg6 23. Na3 Ra7 24. Nc4 Qb5 25. Qe5 Bf6 26. Qe2 Rdd7 27. Bxf6 gxf6 28. Qe1 Nb4 29. Rxd7 Qxd7 30. Qe3 Qd3
31. h3 Qxe3 32. fxe3 Bc2 33. Kf2 f5 34. Ke1 Kg7 35. Rxa5 Rxa5 36. Nxa5 Nxa2 37. Kd2 Nb4 38. Kc3 Be4= 39. Bxe4 fxe4 40. Kc4 Nc2
41. Kxc5 Nxe3 42. Kd4 Nf5+ 43. Kxe4 Nxg3+ 44. Ke5 Kf8 45. Nc6 Ne2 46. b4 Nc3 47. Kd4 Nd5 48. b5 f5 49. Ke5 f4 50. Nd4=
1/2-1/2

[Event "SC-Championship 2018 - FINAL"]
[Site "SchemingMind.com"]
[Date "2018.07.30"]
[Round "-"]
[White "Juan Jose Rivas Maceda"]
[Black "The Chess Machine"]
[Result "1-0"]
[WhiteCountry "PER"]
[BlackCountry "ENG"]
[WhiteElo "2528"]
[WhiteRD "96"]
[BlackElo "2453"]
[BlackRD "80"]
[GameID "430859"]

1. e4 c6 2. a3 d5 3. e5 c5 4. c3 Bf5 5. Nf3 e6 6. d4 Nd7 7. Be2 h6 8. O-O Rc8 9. Be3 a6 10. Nbd2 c4
11. b3 b5 12. a4 Ne7 13. Nh4 Bh7 14. f4 Qb6 15. a5 Qc6 16. b4 Nf5 17. Nxf5 Bxf5 18. g4 Bh7 19. Rf2 Be7 20. Qf1 Kd8
21. f5 Kc7 22. Qg2 Kb7 23. Nf1 Rcd8 24. Bf3 Bh4 25. Rd2 g6 26. Qh3 g5 27. Ng3 f6 28. fxe6 Qxe6 29. Qg2 Nb8 30. Nf5 Nc6
31. Re2 Bxf5 32. gxf5 Qd7 33. e6 Qd6 34. Bh5 Ne7 35. Rf1 Rh7 36. Kh1 Nc8 37. Qg4 Rdh8 38. Bg1 Re7 39. Re3 Rd8 40. Qg2 Qc6
41. Rh3 Nd6 42. Rxh4 gxh4 43. Qg6 Ne4 44. Bf3 Nxc3 45. Qxf6 Qd6 46. Bf2 Ne4 47. Bxe4 dxe4 48. Bxh4 Rde8 49. Qg6 Qd5 50. Bxe7 Rxe7
51. f6 Qxe6 52. d5 Qf7 53. Qg1
1-0

[Event "SC-Championship 2018 - FINAL"]
[Site "SchemingMind.com"]
[Date "2018.07.30"]
[Round "-"]
[White "The Chess Machine"]
[Black "Juan Jose Rivas Maceda"]
[Result "1/2-1/2"]
[WhiteCountry "ENG"]
[BlackCountry "PER"]
[WhiteElo "2453"]
[WhiteRD "80"]
[BlackElo "2528"]
[BlackRD "96"]
[GameID "430860"]

1. e4 e5 2. Nf3 Nc6 3. Bb5 a6 4. Bxc6 dxc6 5. O-O Bg4 6. h3 h5 7. d3 Qf6 8. Be3 Bxf3 9. Qxf3 Qxf3 10. gxf3 Bd6
11. Nd2 Ne7 12. Nc4 Ng6 13. Rfd1 Nh4 14. f4 exf4 15. Nxd6+ cxd6 16. Bxf4 Kd7 17. Bg3 Nf3+ 18. Kg2 Nd4 19. c3 Ne6 20. f4 h4
21. Bh2 g6 22. Kf3 Rh5 23. Rd2 c5 24. Re1 Rd8 25. Bg1 d5 26. Bf2 a5 27. a4 Ke8 28. Red1 f6 29. c4 d4 30. Be1 g5
31. f5 Nf4 32. Kg4 Rh7 33. b3 b6 34. Bf2 Kf7 35. Bg1 Rg8 36. Bh2 Nxh3 37. Rh1 Nf4 38. Bxf4 gxf4+ 39. Kxf4 Rhh8 40. Rdh2 Rg3
41. Rh3 Rhg8 42. Rxg3 Rxg3 43. Rxh4 Rxd3 44. Rh7+ Kg8 45. Rb7 Rxb3 46. Rb8+ Kf7 47. Rb7+ Ke8 48. Rb8+ Ke7 49. Rb7+ Ke8 50. Rb8+=
1/2-1/2

[Event "SC-Championship 2018 - FINAL"]
[Site "SchemingMind.com"]
[Date "2018.07.31"]
[Round "-"]
[White "Juan Jose Rivas Maceda"]
[Black "Professor"]
[Result "1-0"]
[WhiteCountry "PER"]
[BlackCountry "USA"]
[WhiteElo "2589"]
[WhiteRD "90"]
[BlackElo "2542"]
[BlackRD "77"]
[GameID "430861"]

1. e4 e5 2. Nf3 Nc6 3. Bb5 a6 4. Ba4 d6 5. c3 Bd7 6. O-O Nf6 7. d4 g6 8. Re1 b5 9. Bc2 Bg7 10. h3 O-O
11. Be3 Re8 12. Nbd2 Qb8 13. b3 a5 14. d5 Nd8 15. c4 c6 16. a4 b4 17. Nh2 Nb7 18. Qf3 h6 19. Rac1 Qd8 20. g4 Nh7
21. Qg3 Qe7 22. Nhf3 Qf8 23. Kh1 Nc5 24. h4 Rad8 25. g5 h5 26. Rg1 Qe7 27. Ne1 Nb7 28. Nd3 Nf8 29. f3 Rc8 30. Bd1 cxd5
31. exd5 Qd8 32. Nf2 Bf5 33. Nfe4 Nd7 34. Bc2 Bxe4 35. fxe4 Nbc5 36. Rcf1 Re7 37. Qf2 Qf8 38. Rg3 Rc7 39. Rf3 Rc8 40. Kh2 Rc7
41. Rg1 Bh8 42. Nf1 Qg7 43. Ng3 Qh7 44. Rf1 Rb7 45. Kh3 Rb8 46. Bxc5 Nxc5 47. Nxh5 gxh5 48. g6 Qxg6 49. Rg1 Reb7 50. Rfg3 Kh7
51. Qf3 Rg8 52. Bd1
1-0

[Event "SC-Championship 2018 - FINAL"]
[Site "SchemingMind.com"]
[Date "2018.07.31"]
[Round "-"]
[White "Professor"]
[Black "Juan Jose Rivas Maceda"]
[Result "0-1"]
[WhiteCountry "USA"]
[BlackCountry "PER"]
[WhiteElo "2541"]
[WhiteRD "75"]
[BlackElo "2581"]
[BlackRD "94"]
[GameID "430862"]

1. e4 e5 2. Nf3 Nc6 3. Bb5 a6 4. Ba4 Nf6 5. d3 d6 6. c3 g6 7. O-O Bg7 8. Nbd2 O-O 9. Re1 b5 10. Bc2 Re8
11. a4 b4 12. h3 a5 13. Nb3 Bb7 14. Bg5 Nb8 15. d4 exd4 16. cxd4 h6 17. Bxf6 Qxf6 18. Bd3 Nd7 19. Rc1 Qd8 20. Nfd2 Nb6
21. Qc2 c6 22. Nc4 Nxc4 23. Bxc4 Bc8 24. Rcd1 Ra7 25. e5 Bf5 26. Qc1 h5 27. f4 Rd7 28. Nd2 Bh6 29. Nf3 Kg7 30. Kh1 Ree7
31. Qd2 dxe5 32. Nxe5 Rd6 33. Nxf7 Rxf7 34. Bxf7 Kxf7
0-1

[Event "SC-Championship 2018 - FINAL"]
[Site "SchemingMind.com"]
[Date "2018.07.30"]
[Round "-"]
[White "Juan Jose Rivas Maceda"]
[Black "sbb"]
[Result "1-0"]
[WhiteCountry "PER"]
[BlackCountry "USA"]
[WhiteElo "2556"]
[WhiteRD "95"]
[BlackElo "2524"]
[BlackRD "73"]
[GameID "430863"]

1. e4 e6 2. d4 d5 3. Nc3 Bb4 4. e5 c5 5. a3 Bxc3+ 6. bxc3 Ne7 7. Qg4 Qc7 8. Qxg7 Rg8 9. Qxh7 cxd4 10. Ne2 Nbc6
11. f4 dxc3 12. Qd3 Nf5 13. Qxc3 Bd7 14. Rb1 d4 15. Qc4 O-O-O 16. h3 f6 17. g4 Nh4 18. exf6 Rgf8 19. Rg1 Rxf6 20. Rg3 e5
21. f5 Be6 22. fxe6 Rdf8 23. Nf4 exf4 24. Rgb3 Qe5+ 25. Kd1 Rxe6 26. Bd2 Rf7 27. Kc1 Qd6 28. Kb2 Kb8 29. Qb5 Re3 30. Ka2 b6
31. Bc4 Rd7 32. Bxe3 fxe3 33. Rd1
1-0

[Event "SC-Championship 2018 - FINAL"]
[Site "SchemingMind.com"]
[Date "2018.07.30"]
[Round "-"]
[White "sbb"]
[Black "Juan Jose Rivas Maceda"]
[Result "1/2-1/2"]
[WhiteCountry "USA"]
[BlackCountry "PER"]
[WhiteElo "2523"]
[WhiteRD "80"]
[BlackElo "2528"]
[BlackRD "96"]
[GameID "430864"]

1. d4 Nf6 2. c4 e6 3. Nc3 d5 4. cxd5 exd5 5. Bg5 Be7 6. e3 c6 7. Bd3 O-O 8. Nf3 h6 9. Bf4 Nh5 10. Be5 Nd7
11. O-O Nxe5 12. dxe5 g6 13. Qc2 Ng7 14. h3 Ne6 15. Nd4 Kg7 16. Nce2 Qc7 17. f4 Nc5 18. Rac1 a5 19. Nc3 f6 20. Nf3 fxe5
21. fxe5 Bf5 22. Bxf5 Rxf5 23. e4 dxe4 24. Nxe4 Nxe4 25. Qxe4 Rd8 26. a3=
1/2-1/2

[Event "SC-Championship 2018 - FINAL"]
[Site "SchemingMind.com"]
[Date "2018.08.04"]
[Round "-"]
[White "Jari Laine"]
[Black "chesshub"]
[Result "1/2-1/2"]
[WhiteCountry "FIN"]
[BlackCountry "FRA"]
[WhiteElo "2527"]
[WhiteRD "77"]
[BlackElo "2602"]
[BlackRD "81"]
[GameID "430866"]

1. e4 e5 2. Nf3 Nc6 3. d4 exd4 4. Nxd4 Bc5 5. Nb3 Bb6 6. Nc3 Nf6 7. Qe2 a5 8. a4 O-O 9. Bg5 h6 10. Bh4 Nd4
11. Qd3 Nxb3 12. cxb3 c6 13. O-O-O d5 14. exd5 cxd5 15. Nxd5 g5 16. Qf3 Nxd5 17. Rxd5 Qc7+ 18. Bc4 Be6 19. Bxg5 Bxd5 20. Qxd5 hxg5
21. Qxg5+ Kh7 22. Qf5+=
1/2-1/2

[Event "SC-Championship 2018 - FINAL"]
[Site "SchemingMind.com"]
[Date "2018.08.04"]
[Round "-"]
[White "chesshub"]
[Black "The Chess Machine"]
[Result "1/2-1/2"]
[WhiteCountry "FRA"]
[BlackCountry "ENG"]
[WhiteElo "2622"]
[WhiteRD "86"]
[BlackElo "2453"]
[BlackRD "80"]
[GameID "430867"]

1. d4 d5 2. c4 e6 3. Nf3 Nf6 4. Nc3 c6 5. e3 Nbd7 6. Qc2 Bd6 7. Bd3 O-O 8. O-O dxc4 9. Bxc4 a6 10. a4 c5
11. Rd1 cxd4 12. exd4 Qc7 13. Qe2 b6 14. d5 Ne5 15. Nxe5 Bxe5 16. h3 Re8 17. Be3 Bxc3 18. d6 Qc6 19. bxc3 Bb7 20. f3 Nd5
21. Bxd5 exd5 22. Qd2 Qxd6 23. Rab1 b5 24. axb5 axb5 25. Rxb5 Bc6 26. Rb6 Qc7= 27. Rdb1 Reb8 28. Qb2 Rxb6 29. Qxb6 Qxb6 30. Rxb6 Bd7=
1/2-1/2

[Event "SC-Championship 2018 - FINAL"]
[Site "SchemingMind.com"]
[Date "2018.08.04"]
[Round "-"]
[White "The Chess Machine"]
[Black "chesshub"]
[Result "1/2-1/2"]
[WhiteCountry "ENG"]
[BlackCountry "FRA"]
[WhiteElo "2453"]
[WhiteRD "80"]
[BlackElo "2622"]
[BlackRD "86"]
[GameID "430868"]

1. e4 c5 2. d4 cxd4 3. c3 dxc3 4. Nxc3 Nc6 5. Nf3 e6 6. Bc4 d6 7. O-O Nf6 8. Qe2 Be7 9. Rd1 e5 10. Be3 O-O
11. Rac1 Be6 12. b4 Bg4 13. b5 Na5 14. Bd5 Qd7 15. h3 Bh5 16. g4 Bg6 17. Nxe5 dxe5 18. Bxf7+ Bxf7 19. Rxd7 Nxd7 20. Nd5 Bxd5
21. exd5 Bd6 22. b6 axb6 23. Qb5 Rf7 24. Bxb6 Nxb6 25. Qxb6 Rf6 26. g5 Rg6 27. Qe3 b5 28. h4=
1/2-1/2

[Event "SC-Championship 2018 - FINAL"]
[Site "SchemingMind.com"]
[Date "2018.08.04"]
[Round "-"]
[White "chesshub"]
[Black "Professor"]
[Result "1/2-1/2"]
[WhiteCountry "FRA"]
[BlackCountry "USA"]
[WhiteElo "2575"]
[WhiteRD "78"]
[BlackElo "2541"]
[BlackRD "75"]
[GameID "430869"]

1. d4 Nf6 2. c4 e6 3. Nf3 Bb4+ 4. Nbd2 d6 5. e3 O-O 6. Be2 Qe7 7. O-O e5 8. Nb3 e4 9. Nfd2 d5 10. cxd5 Nxd5
11. Nc4 Nd7 12. Bd2 Bxd2 13. Nbxd2 c6 14. Qb3 a5 15. a4 Nb4 16. Qc3 Nf6 17. Nb6 Nfd5 18. Qc5 Qxc5 19. dxc5 Nxb6 20. cxb6 Re8
21. Nc4 Re7 22. Rfd1 Nd5 23. Rd4 f5 24. f3 exf3 25. Bxf3 Be6 26. Rc1 Bf7 27. Nd6 Nxb6 28. Nxf5 Rd7 29. Nd6 Bd5 30. e4 Rxd6
31. exd5 Nxd5=
1/2-1/2

[Event "SC-Championship 2018 - FINAL"]
[Site "SchemingMind.com"]
[Date "2018.08.04"]
[Round "-"]
[White "Professor"]
[Black "chesshub"]
[Result "1/2-1/2"]
[WhiteCountry "USA"]
[BlackCountry "FRA"]
[WhiteElo "2555"]
[WhiteRD "80"]
[BlackElo "2602"]
[BlackRD "81"]
[GameID "430870"]

1. e4 c5 2. Nc3 Nc6 3. g3 g6 4. Bg2 Bg7 5. d3 d6 6. Be3 Nd4 7. Qd2 Nf6 8. h3 O-O 9. Nce2 e5 10. c3 Ne6
11. Nf3 c4 12. O-O Qc7 13. Ng5 cxd3 14. Qxd3 b5 15. a4 Nxg5 16. Bxg5 bxa4 17. Rxa4 Be6 18. Rfa1 Rfb8 19. b4 Nd7 20. Be3 Nb6
21. R4a3=
1/2-1/2

[Event "SC-Championship 2018 - FINAL"]
[Site "SchemingMind.com"]
[Date "2018.08.04"]
[Round "-"]
[White "sbb"]
[Black "chesshub"]
[Result "1/2-1/2"]
[WhiteCountry "USA"]
[BlackCountry "FRA"]
[WhiteElo "2524"]
[WhiteRD "73"]
[BlackElo "2602"]
[BlackRD "81"]
[GameID "430872"]

1. d4 Nf6 2. c4 e6 3. Nc3 Bb4 4. e3 O-O 5. Ne2 d5 6. a3 Be7 7. cxd5 exd5 8. Nf4 c6 9. Bd3 Bd6 10. O-O Re8
11. f3 b6 12. b4 Ba6 13. g3 Bb7 14. Rb1 Nbd7 15. Re1 Rb8 16. Bd2 h6 17. Kg2 a6 18. Na4 c5 19. dxc5 bxc5 20. bxc5 Nxc5
21. Nxc5=
1/2-1/2

[Event "SC-Championship 2018 - FINAL"]
[Site "SchemingMind.com"]
[Date "2018.08.01"]
[Round "-"]
[White "Jari Laine"]
[Black "The Chess Machine"]
[Result "1-0"]
[WhiteCountry "FIN"]
[BlackCountry "ENG"]
[WhiteElo "2529"]
[WhiteRD "81"]
[BlackElo "2453"]
[BlackRD "80"]
[GameID "430873"]

1. e4 c6 2. d4 d5 3. e5 Bf5 4. Nf3 e6 5. Be2 h6 6. O-O Nd7 7. a4 a5 8. b3 Ne7 9. c3 Bh7 10. Na3 Nf5
11. Bd3 Be7 12. Nc2 O-O 13. g4 Nh4 14. Bxh7+ Kxh7 15. Nxh4 Bxh4 16. Qd3+ Kg8 17. f4 Rc8 18. Qh3 Re8 19. Kh1 Nf8 20. Be3 b6
21. f5 Rc7 22. g5 hxg5 23. f6 c5 24. Na3 Nh7 25. Rg1 cxd4 26. Bxd4 Nf8 27. Nb5
1-0

[Event "SC-Championship 2018 - FINAL"]
[Site "SchemingMind.com"]
[Date "2018.08.01"]
[Round "-"]
[White "The Chess Machine"]
[Black "Jari Laine"]
[Result "1/2-1/2"]
[WhiteCountry "ENG"]
[BlackCountry "FIN"]
[WhiteElo "2476"]
[WhiteRD "79"]
[BlackElo "2527"]
[BlackRD "77"]
[GameID "430874"]

1. e4 e5 2. Nf3 Nc6 3. d4 exd4 4. Nxd4 Nf6 5. Nxc6 bxc6 6. e5 Qe7 7. Qe2 Nd5 8. c4 Ba6 9. Nd2 g6 10. Nf3 Qb4+
11. Kd1 Nb6 12. b3 Bg7 13. Qd2 Qxd2+ 14. Bxd2 d6 15. Kc2 O-O 16. Re1 Rfe8 17. Bf4 d5 18. cxd5 Bxf1 19. Rhxf1 cxd5 20. Nd4 c6
21. Re2 Rac8 22. Rfe1 a6 23. Nf3 c5 24. h4 Rc6 25. h5 a5 26. hxg6 hxg6 27. Kd2 a4 28. g3 axb3 29. axb3 Nd7 30. Ng5 Nf8
31. Rc1 Ne6 32. Nxe6=
1/2-1/2

[Event "SC-Championship 2018 - FINAL"]
[Site "SchemingMind.com"]
[Date "2018.08.01"]
[Round "-"]
[White "Jari Laine"]
[Black "Professor"]
[Result "1/2-1/2"]
[WhiteCountry "FIN"]
[BlackCountry "USA"]
[WhiteElo "2488"]
[WhiteRD "72"]
[BlackElo "2542"]
[BlackRD "77"]
[GameID "430875"]

1. d4 Nf6 2. Bf4 e6 3. Nf3 c5 4. e3 Nc6 5. Nbd2 d5 6. c3 Bd6 7. Bg3 O-O 8. Bd3 b6 9. Ne5 Bb7 10. f4 Ne7
11. Qf3 Nf5 12. Bf2 Be7 13. g4 Nd6 14. g5 Nfe4 15. O-O-O Rc8 16. Kb1 c4 17. Bc2 b5 18. Be1 b4 19. cxb4 a5 20. Qe2 axb4
21. Bxe4 dxe4 22. Ndxc4 b3 23. axb3 Nf5 24. Ba5 Qd5 25. Rc1 Rb8 26. Qd2 Ba6 27. b4 Nh4 28. Nb6 Rxb6 29. Bxb6 Nf3 30. Qc3 Nxe5
31. fxe5 Bd3+ 32. Rc2 Ra8 33. Rd1 Qa2+ 34. Kc1 Qa6 35. Bc5 Bxg5 36. Kd2 Bf1 37. Kc1 Qa1+=
1/2-1/2

[Event "SC-Championship 2018 - FINAL"]
[Site "SchemingMind.com"]
[Date "2018.08.01"]
[Round "-"]
[White "Professor"]
[Black "Jari Laine"]
[Result "1/2-1/2"]
[WhiteCountry "USA"]
[BlackCountry "FIN"]
[WhiteElo "2542"]
[WhiteRD "79"]
[BlackElo "2506"]
[BlackRD "72"]
[GameID "430876"]

1. e4 d6 2. d4 Nf6 3. Bd3 e5 4. c3 d5 5. dxe5 Nxe4 6. Nf3 Nc6 7. Nbd2 Nc5 8. Bb1 Bg4 9. O-O d4 10. h3 Bh5
11. Qe2 dxc3 12. bxc3 Be7 13. Rd1 Qc8 14. Ne4 Qe6 15. Nxc5 Bxc5 16. Bf4 h6 17. Be4 O-O 18. Bd5 Qf5 19. Bh2 Bxf3 20. Bxf3 Rad8
21. Bg3 Qe6 22. Be4 b6 23. Bc2 Ne7 24. Bb3 Qg6 25. Kh2 c6 26. Bc2 Qe6 27. f4 Nf5 28. Qe4 g6 29. Bb3 Qe7 30. Qxc6 Kg7
31. Qf3 Ne3 32. Rxd8 Rxd8 33. Re1 Rd3 34. f5 gxf5 35. Kh1 Kg6 36. Qc6+ Kg7 37. e6 fxe6 38. Bxe6 Bd6 39. Bxf5 Bxg3 40. Qg6+ Kf8
41. Be6 Qc7 42. Qxd3 Bxe1 43. Qxe3 Qxc3 44. Qxh6+ Ke7 45. Bg4 Bg3 46. Qe6+ Kf8 47. Qc8+ Qxc8 48. Bxc8 Ke7 49. Kg1=
1/2-1/2

[Event "SC-Championship 2018 - FINAL"]
[Site "SchemingMind.com"]
[Date "2018.08.01"]
[Round "-"]
[White "Jari Laine"]
[Black "sbb"]
[Result "1/2-1/2"]
[WhiteCountry "FIN"]
[BlackCountry "USA"]
[WhiteElo "2527"]
[WhiteRD "77"]
[BlackElo "2524"]
[BlackRD "73"]
[GameID "430877"]

1. e4 e6 2. d3 d5 3. Qe2 Nf6 4. Nf3 Be7 5. g3 b5 6. Bg2 dxe4 7. dxe4 b4 8. c4 bxc3 9. bxc3 Ba6 10. c4 Nc6
11. e5 Rb8 12. O-O Nd7 13. Nc3 O-O 14. Rd1 Qc8 15. Be3 Bb7 16. Rab1 Rd8 17. Nb5 a6 18. Na7 Nxa7 19. Bxa7 Ra8 20. Be3 Rb8=
1/2-1/2

[Event "SC-Championship 2018 - FINAL"]
[Site "SchemingMind.com"]
[Date "2018.08.01"]
[Round "-"]
[White "sbb"]
[Black "Jari Laine"]
[Result "1/2-1/2"]
[WhiteCountry "USA"]
[BlackCountry "FIN"]
[WhiteElo "2548"]
[WhiteRD "73"]
[BlackElo "2498"]
[BlackRD "73"]
[GameID "430878"]

1. d4 d5 2. c4 c6 3. Nc3 Nf6 4. e3 Bf5 5. cxd5 cxd5 6. Qb3 Nc6 7. Qxb7 Bd7 8. Qb3 Rb8 9. Qd1 e5 10. Nf3 Bd6
11. dxe5 Nxe5 12. Nd4 O-O 13. Be2 Ne4 14. O-O Nxc3 15. bxc3 Nc4 16. a4 Qc7 17. g3 Be5 18. Bf3 Qc5 19. Bg2 Rfd8 20. a5 g6
21. Qf3 Bc8 22. Qd1 h5 23. Qa4 Bd7 24. Qc2 Bf6 25. h3 a6 26. Rd1 Bh8 27. Kh2 Bf6 28. Nb3 Qb5 29. Nd4 Qc5 30. Ra2 h4
31. g4=
1/2-1/2

[Event "SC-Championship 2018 - FINAL"]
[Site "SchemingMind.com"]
[Date "2018.07.31"]
[Round "-"]
[White "The Chess Machine"]
[Black "Professor"]
[Result "1/2-1/2"]
[WhiteCountry "ENG"]
[BlackCountry "USA"]
[WhiteElo "2476"]
[WhiteRD "79"]
[BlackElo "2555"]
[BlackRD "80"]
[GameID "430879"]

1. e4 e5 2. Nf3 Nc6 3. Bc4 Nf6 4. d3 Be7 5. O-O O-O 6. Re1 d6 7. a3 Kh8 8. h3 Ng8 9. Nc3 f5 10. Nd5 fxe4
11. dxe4 a5 12. Be3 Nf6 13. Nd2 Bd7 14. c3 Nb8 15. b4 Nxd5 16. Bxd5 Bc8 17. Nb3 c6 18. Bc4 b6 19. Qc2 Nd7 20. Red1 a4
21. Nd2 b5 22. Ba2 Nf6 23. c4 Nh5 24. cxb5 cxb5 25. Qd3 Bd7 26. Nf1 Qe8 27. Ng3 Nxg3 28. fxg3 h6 29. Rac1 Rc8 30. Kh2 Rxc1
31. Rxc1 Qb8 32. Bd5 Rc8= 33. Rf1 Rf8 34. Rd1 Kh7 35. Qd2 Bd8 36. g4 Be7 37. Rc1 Rc8 38. g5 Rxc1 39. Qxc1 hxg5 40. Bxg5 Bd8
41. Qe3 Qc7 42. Qg3 Bxg5 43. Qxg5 Be8 44. Qh4+=
1/2-1/2

[Event "SC-Championship 2018 - FINAL"]
[Site "SchemingMind.com"]
[Date "2018.07.31"]
[Round "-"]
[White "Professor"]
[Black "The Chess Machine"]
[Result "1-0"]
[WhiteCountry "USA"]
[BlackCountry "ENG"]
[WhiteElo "2582"]
[WhiteRD "88"]
[BlackElo "2453"]
[BlackRD "80"]
[GameID "430880"]

1. e4 c6 2. d4 d5 3. e5 Bf5 4. Nf3 e6 5. Be2 h6 6. O-O Nd7 7. Nbd2 Ne7 8. c3 a5 9. a4 Bh7 10. Ne1 Nf5
11. Nb3 Be7 12. Nc2 Qb6 13. Ne3 Nxe3 14. Bxe3 O-O 15. f4 Rfd8 16. Rf3 Bf5 17. h3 c5 18. Bb5 c4 19. Nd2 Rac8 20. g4 Bh7
21. Qe2 f6 22. h4 Qc7 23. g5 Bf5 24. Raf1 Kf7 25. Rg3 Rg8 26. Rg2 Bd3 27. Qf3 Bf5 28. Rff2 hxg5 29. fxg5 fxe5 30. g6+ Ke8
31. Qh5 Kd8 32. Nf3 Qd6 33. Bxd7 Qxd7 34. Nxe5 Qxa4 35. Rxf5 exf5 36. Qxf5 Kc7 37. Bf4 b6 38. Qe6 Kb7 39. Qxe7+ Ka6 40. Kh2 Rce8
41. Qc7
1-0

[Event "SC-Championship 2018 - FINAL"]
[Site "SchemingMind.com"]
[Date "2018.07.30"]
[Round "-"]
[White "The Chess Machine"]
[Black "sbb"]
[Result "1/2-1/2"]
[WhiteCountry "ENG"]
[BlackCountry "USA"]
[WhiteElo "2453"]
[WhiteRD "80"]
[BlackElo "2523"]
[BlackRD "80"]
[GameID "430881"]

1. e4 e6 2. d4 d5 3. Nc3 Bb4 4. e5 c5 5. a3 Bxc3+ 6. bxc3 Ne7 7. Qg4 Qc7 8. Qxg7 Rg8 9. Qxh7 cxd4 10. Ne2 dxc3
11. f4 Nbc6 12. Qd3 Nf5 13. Qxc3 Bd7 14. Ng3 Nxg3 15. hxg3 Rc8 16. Rb1 Ne7 17. Qxc7 Rxc7 18. Bd3 Nf5 19. g4 Rxg4 20. Rh8+ Ke7
21. Bd2 Bc6 22. Bxf5 exf5 23. Bb4+ Kd7 24. Rf8 Rg7 25. c4 Rxg2 26. Rxf7+ Kd8 27. Ba5 b6 28. Rxb6 Rxf7 29. Rb2+ Kc8 30. Rxg2 dxc4
31. Rg8+ Kb7 32. Kd2 Ka6 33. Bb4 Rd7+ 34. Kc3 Rd3+ 35. Kxc4 Bd5+ 36. Kxd3 Bxg8 37. Ke3 Kb5 38. Kf3 Kc4 39. Kg3 Bf7 40. Kh4 Kd5
41. Kg5 Ke6=
1/2-1/2

[Event "SC-Championship 2018 - FINAL"]
[Site "SchemingMind.com"]
[Date "2018.07.31"]
[Round "-"]
[White "sbb"]
[Black "The Chess Machine"]
[Result "1-0"]
[WhiteCountry "USA"]
[BlackCountry "ENG"]
[WhiteElo "2523"]
[WhiteRD "80"]
[BlackElo "2453"]
[BlackRD "80"]
[GameID "430882"]

1. d4 d5 2. c4 dxc4 3. Nf3 Nf6 4. e3 e6 5. Bxc4 c5 6. O-O a6 7. Bd3 cxd4 8. exd4 Nc6 9. Nc3 Be7 10. Bg5 O-O
11. Rc1 h6 12. Bh4 b6 13. Bb1 Bb7 14. a3 Nh5 15. Bg3 Nxg3 16. hxg3 Bf6 17. d5 exd5 18. Nxd5 Ne5 19. Nxf6+ Qxf6 20. Nxe5 Qxe5
21. Qd3 g6 22. Ba2 Qf6 23. Rc7 Rad8 24. Qe2 Bd5 25. Bxd5 Rxd5 26. Qxa6 Rd2 27. b4 Rfd8 28. Qc4 R8d4 29. Qc1 Qd6 30. Rc3 Qd5
31. Re3 Rc4 32. Qa1 Qd4 33. Qe1 Rcc2 34. Re4 Qd5 35. Rf4 Re2 36. Qa1 Rb2 37. Rf3 b5 38. Qc1 Rbd2 39. Qc8+ Kg7 40. Qc3+ Qd4
41. Rc1 Qxc3 42. Rcxc3 Rc2 43. Rxc2 Rxc2 44. g4 Rc4 45. Rd3 Rc1+ 46. Kh2 Ra1 47. f3 Ra2 48. Rc3 Kf6 49. Kg3 Ke5 50. Rc7 Ke6
51. Ra7 Kf6 52. Ra6+ Kg7 53. Ra8 Kf6 54. Ra5 Ke6 55. Kf4 Kd6 56. Ke4 Re2+ 57. Kd4 Rd2+ 58. Kc3 Rd5 59. f4
1-0

[Event "SC-Championship 2018 - FINAL"]
[Site "SchemingMind.com"]
[Date "2018.08.01"]
[Round "-"]
[White "Professor"]
[Black "sbb"]
[Result "1/2-1/2"]
[WhiteCountry "USA"]
[BlackCountry "USA"]
[WhiteElo "2555"]
[WhiteRD "80"]
[BlackElo "2524"]
[BlackRD "73"]
[GameID "430883"]

1. e4 e6 2. d4 d5 3. Nd2 Nf6 4. e5 Nfd7 5. Ngf3 c5 6. c3 Nc6 7. Bd3 Qb6 8. O-O cxd4 9. cxd4 a5 10. Re1 Be7
11. Nb1 Nxd4 12. Nxd4 Qxd4 13. Nc3 Qb6 14. Qg4 Kf8 15. Bg5 Bxg5 16. Qxg5 h6 17. Qd2 Nc5 18. Nb5 Nxd3 19. Qxd3 Kg8 20. Nd6 Bd7
21. Rac1 Bc6=
1/2-1/2